"S" Countries - World Map Sudden Death - Statistics

General Stats
  • This quiz has been taken 211 times
  • The average score is 9 of 13
Answers on the Grid
Answers color-coded by a green-red scale on the quiz's grid according to % correct below.
 
Answer Stats
Answer % Correct
Spain, Switzerland, Slovakia, Slovenia, Serbia
87%
South Africa
80%
South Sudan, Sudan, Saudi Arabia, Somalia
79%
St. Lucia, St. Kitts and Nevis, St. Vincent and the Grenadines, Suriname
77%
Sweden
74%
South Africa
74%
Sao Tome and Principe, Sudan, South Sudan
72%
Seychelles, South Africa
69%
Syria, Saudi Arabia
68%
Senegal
64%
South Korea
62%
Sri Lanka, Singapore
61%
Samoa, Solomon Islands
52%
No matching quizzes found
Score Distribution
Percent of People with Each Score
Percentile by Number Answered
Your Score History
You have not taken this quiz